[Event "Autumn Chess Of Love"]
[Site "SchemingMind.com"]
[Date "2021.01.02"]
[Round "-"]
[White "malcolm chugg"]
[Black "Pol MacGilla tSamhais"]
[Result "1/2-1/2"]
[WhiteCountry "WLS"]
[BlackCountry "IRL"]
[WhiteElo "1194"]
[WhiteRD "51"]
[BlackElo "1238"]
[BlackRD "84"]
[GameID "464162"]

1. e3 e5 2. Ne2 Nc6 3. d4 e4 4. Ng3 d5 5. c3 Nf6 6. Be2 g6 7. O-O Bg7 8. Nd2 O-O 9. Nb3 h5 10. Nd2 Bg4
11. h3 Bxe2 12. Nxe2 Qd7 13. Nb3 b6 14. Ng3 Qd6 15. Nh1 Rfd8 16. Ng3 Ne7 17. Kh1 a5 18. Ne2 a4 19. Nd2 b5 20. f3 Bh6
21. f4 c6 22. b3 a3 23. b4 Nd7 24. Qb3 f5 25. Rf2 Rf8 26. Bxa3 Nb6 27. g3 Qf6 28. Nf1 Ra7 29. Rb1 Nc4 30. Bc1 Qd6
31. Nd2 Nxd2 32. Qb2 Nc4 33. Qc2 Nc8 34. Bd2 Qe7 35. Ra1 g5 36. Rg1 g4 37. h4 Na3 38. Qd1 Nb6 39. Qb3 Nbc4 40. Bc1 Qb7
41. Bb2 Rf7 42. Nc1=
1/2-1/2

[Event "Autumn Chess Of Love"]
[Site "SchemingMind.com"]
[Date "2021.01.02"]
[Round "-"]
[White "Pol MacGilla tSamhais"]
[Black "malcolm chugg"]
[Result "0-1"]
[WhiteCountry "IRL"]
[BlackCountry "WLS"]
[WhiteElo "1238"]
[WhiteRD "84"]
[BlackElo "1194"]
[BlackRD "51"]
[GameID "464163"]

1. d4 d5 2. Nf3 Bg4 3. h3 Bxf3 4. gxf3 e6 5. Bf4 Bd6 6. Bxd6 cxd6 7. Nc3 Qd7 8. e4 Nf6 9. e5 dxe5 10. dxe5 Nh5
11. f4 Nxf4 12. Qg4 Ng6 13. Bb5 Nc6 14. O-O O-O 15. Rad1 a6 16. Bd3 Ngxe5 17. Qh4 h6 18. Be2 Rae8 19. Na4 Qc7 20. Nc5 Ng6
21. Qa4 b5 22. Nxa6 bxa4 23. Nxc7 Rc8 24. Nb5 Nf4 25. Bg4 Rb8 26. Nc3 Rxb2 27. Rd2 Ra8 28. Ra1 h5 29. Bf3 Nxh3+ 30. Kh2 Ng5
31. Bxh5 g6 32. Be2 Nb4 33. Rb1 Rxb1 34. Nxb1 Ne4 35. Rd4 Nxc2 36. Bd3 Nxd4
0-1

[Event "Autumn Chess Of Love"]
[Site "SchemingMind.com"]
[Date "2021.01.06"]
[Round "-"]
[White "Mitch The Man"]
[Black "dpickin"]
[Result "0-1"]
[WhiteCountry "USA"]
[BlackCountry "ENG"]
[WhiteElo "1325"]
[WhiteRD "65"]
[BlackElo "1536"]
[BlackRD "63"]
[GameID "464314"]

1. e4 c5 2. e5 e6 3. c4 Nc6 4. Nf3 Qc7 5. Be2 Nxe5 6. O-O Bd6 7. g3 b6 8. Nxe5 Bxe5 9. Nc3 Bxc3 10. dxc3 h6
11. Bd3 Nf6 12. a4 Qc6 13. f3 O-O 14. b3 Bb7 15. Ra2 Ng4 16. Be4 Qc7 17. Bxb7 Qxb7 18. fxg4 e5 19. Qd6 Rfe8 20. Re2 e4
21. Be3 Re6 22. Qd2 Qc6 23. Qc1 Rg6 24. Rd2 Rxg4 25. Rdf2 Rf8 26. Qd1 h5 27. Kg2 h4 28. Kh1 hxg3 29. hxg3 Rxg3 30. Bf4 Rxc3
31. Qh5 e3+ 32. Kh2 exf2 33. Rxf2 Rxb3
0-1

[Event "Autumn Chess Of Love"]
[Site "SchemingMind.com"]
[Date "2021.01.06"]
[Round "-"]
[White "dpickin"]
[Black "Mitch The Man"]
[Result "0-1"]
[WhiteCountry "ENG"]
[BlackCountry "USA"]
[WhiteElo "1536"]
[WhiteRD "63"]
[BlackElo "1325"]
[BlackRD "65"]
[GameID "464315"]

1. d4 d5 2. c4 e6 3. Nc3 Bb4 4. Bd2 Bxc3 5. Bxc3 Ne7 6. e3 O-O 7. Nf3 c6 8. c5 a5 9. a4 Nd7 10. Qc2 Ng6
11. Bd3 f6 12. Bxg6 hxg6 13. Qxg6 Rf7 14. h4 Nf8 15. Qg4 e5 16. Qh5 e4 17. Nd2 g6 18. Qh6 Rh7 19. Qf4 Be6 20. Qg3 Kg7
21. h5 g5 22. f4 g4 23. Qh4 Bf5 24. h6+ Kh8 25. Nf1 Qd7 26. Qxf6+ Kg8 27. Rh5 Qf7 28. Qxf5 Qxf5 29. Rxf5 Rxh6 30. Rg5+ Kh7
31. Rxg4 Ng6 32. f5 Nh4 33. Ng3 Nxg2+ 34. Kf2 Nh4 35. Rf1 Nf3 36. Rf4 Rh2#
0-1

[Event "Autumn Chess Of Love"]
[Site "SchemingMind.com"]
[Date "2021.01.11"]
[Round "-"]
[White "cnile"]
[Black "dpickin"]
[Result "0-1"]
[WhiteCountry "SCO"]
[BlackCountry "ENG"]
[WhiteElo "1406"]
[WhiteRD "62"]
[BlackElo "1563"]
[BlackRD "66"]
[GameID "464316"]

1. e4 c5 2. Nf3 d6 3. d4 Nf6 4. Nc3 Bg4 5. d5 g6 6. Be2 Bg7 7. h3 Bd7 8. O-O O-O 9. Bf4 Nh5 10. Be3 a6
11. Qd2 b5 12. Rab1 b4 13. Nd1 a5 14. Bh6 a4 15. Bxg7 Kxg7 16. b3 a3 17. c4 h6 18. Ne3 e5 19. Nh2 Bc8 20. g4 Nf4
21. Kh1 Nxh3 22. Ng2 Nd7 23. f4 Nf6 24. fxe5 Nxe4 25. Qe3 Nc3 26. Qxh3 Nxe2 27. exd6 Qxd6 28. Rbe1 Ng3+ 29. Kg1 Nxf1 30. Nxf1 h5
31. Nh2 hxg4 32. Nxg4 Bxg4 33. Qxg4 Rae8 34. Kh1 Rxe1+ 35. Nxe1 Rh8+ 36. Kg2 Qh2+ 37. Kf1 Rh4 38. Qd1 Qxa2 39. d6 Rh1#
0-1

[Event "Autumn Chess Of Love"]
[Site "SchemingMind.com"]
[Date "2021.01.11"]
[Round "-"]
[White "dpickin"]
[Black "cnile"]
[Result "1-0"]
[WhiteCountry "ENG"]
[BlackCountry "SCO"]
[WhiteElo "1511"]
[WhiteRD "65"]
[BlackElo "1414"]
[BlackRD "62"]
[GameID "464317"]

1. d4 d5 2. c4 e6 3. Nc3 Nf6 4. e3 Bb4 5. Bd2 O-O 6. a3 Bxc3 7. Bxc3 c6 8. Nf3 Re8 9. Be2 Nbd7 10. O-O a5
11. a4 Nf8 12. Qc2 Ng6 13. Bd3 Ne7 14. Ng5 h6 15. Nh7 Nxh7 16. Bxh7+ Kh8 17. Bd3 Ng8 18. c5 Qc7 19. f4 Nf6 20. h3 Bd7
21. Rae1 Nh7 22. Bxh7 f5 23. Bg6 Rf8 24. g4 Rf6 25. gxf5 exf5 26. Bh5 Be8 27. Bxe8 Rxe8 28. Qd2 Qf7 29. Bxa5 Rfe6 30. b4 Qh5
31. Kh2 Qf7 32. b5 Qf6 33. bxc6 bxc6 34. Bc7 R6e7 35. Be5 Qe6 36. a5 Ra8 37. Rg1 Raa7 38. Rg3 Qc8 39. Rg6 Qb7 40. Rxh6+ Kg8
41. Rg1 Qd7 42. Qg2 Rxa5 43. Qg6 Ra3 44. Qh7+ Kf8 45. Qh8+ Kf7 46. Qxg7+ Ke8 47. Qg8#
1-0

[Event "Autumn Chess Of Love"]
[Site "SchemingMind.com"]
[Date "2021.01.06"]
[Round "-"]
[White "Phillip Beckett"]
[Black "dpickin"]
[Result "1-0"]
[WhiteCountry "ENG"]
[BlackCountry "ENG"]
[WhiteElo "1453"]
[WhiteRD "52"]
[BlackElo "1536"]
[BlackRD "63"]
[GameID "464318"]

1. e4 c5 2. Nf3 d6 3. d4 Nf6 4. Nc3 e6 5. Bg5 Be7 6. dxc5 d5 7. exd5 exd5 8. Bb5+ Bd7 9. Bxd7+ Nbxd7 10. O-O Nxc5
11. a3 h6 12. Bd2 O-O 13. Be3 b6 14. Ne5 Qb8 15. Bxc5 Qxe5 16. Bd4 Qf5 17. Qd3 Ne4 18. Nxe4 dxe4 19. Qc3 Rfc8 20. Qe3 Rxc2
21. f3 exf3 22. Rxf3 Qg4 23. Rg3 Qh4 24. Bxg7 Bc5 25. Bd4+ Kf8 26. Bxc5+ bxc5 27. Re1 Rxb2 28. Qxc5+ Qe7 29. Qxe7#
1-0

[Event "Autumn Chess Of Love"]
[Site "SchemingMind.com"]
[Date "2021.01.06"]
[Round "-"]
[White "dpickin"]
[Black "Phillip Beckett"]
[Result "1-0"]
[WhiteCountry "ENG"]
[BlackCountry "ENG"]
[WhiteElo "1536"]
[WhiteRD "63"]
[BlackElo "1453"]
[BlackRD "52"]
[GameID "464319"]

1. d4 d5 2. c4 e6 3. Nc3 Nf6 4. e3 Be7 5. Be2 dxc4 6. Bxc4 Nbd7 7. h3 c5 8. d5 exd5 9. Nxd5 Nxd5 10. Bxd5 Nf6
11. e4 Nxd5 12. exd5 b6 13. Bf4 Bd6 14. Ne2 O-O 15. Bxd6 Qxd6 16. O-O Bf5 17. Nc3 Rad8 18. Qd2 Rfe8 19. f3 c4 20. Nb5 Qc5+
21. Nd4 Bd3 22. Qc3 Rxd5 23. Rfe1 Qxd4+ 24. Qxd4 Rxe1+ 25. Rxe1
1-0

[Event "Autumn Chess Of Love"]
[Site "SchemingMind.com"]
[Date "2021.01.06"]
[Round "-"]
[White "malcolm chugg"]
[Black "dpickin"]
[Result "0-1"]
[WhiteCountry "WLS"]
[BlackCountry "ENG"]
[WhiteElo "1205"]
[WhiteRD "52"]
[BlackElo "1529"]
[BlackRD "55"]
[GameID "464320"]

1. e3 e5 2. Bc4 d5 3. Bb3 Nf6 4. Nf3 Bd6 5. d3 O-O 6. d4 e4 7. Nfd2 Qe8 8. Nc3 Bg4 9. Ne2 Qb5 10. Ng3 Bxd1
11. Kxd1 Ng4 12. c4 Qa6 13. cxd5 Nxf2+ 14. Ke1 Bxg3 15. Rf1 Nd3+ 16. Kd1 Bxh2 17. Bc2 Nxc1 18. Kxc1 Qe2 19. Bb3 Qxe3 20. Kc2 Na6
21. a3 Qxd4 22. Bc4 e3 23. Nf3 Qxc4+ 24. Kb1 Qxf1+ 25. Ka2 Qxg2 26. Nxh2 Qxh2 27. Re1 Qd2 28. Rg1 e2 29. Rg5 e1=Q 30. Rf5 Qee2
31. Kb3 Nc5+
0-1

[Event "Autumn Chess Of Love"]
[Site "SchemingMind.com"]
[Date "2021.01.06"]
[Round "-"]
[White "dpickin"]
[Black "malcolm chugg"]
[Result "1-0"]
[WhiteCountry "ENG"]
[BlackCountry "WLS"]
[WhiteElo "1529"]
[WhiteRD "55"]
[BlackElo "1205"]
[BlackRD "52"]
[GameID "464321"]

1. d4 e6 2. c4 f5 3. Nc3 d5 4. e3 Nc6 5. Nf3 Be7 6. Be2 Nf6 7. h3 Bd6 8. c5 Be7 9. Ne5 Bd7 10. Bb5 g6
11. Qa4 h6 12. Bxc6 bxc6 13. Nxc6 Qc8 14. Nxe7 Bxa4 15. Nxc8 Rxc8 16. Nxa4 Ne4 17. b4 a6 18. Rb1 Rb8 19. O-O Nd2 20. Bxd2 O-O
21. c6 Rb5 22. Nc5 Re8 23. Nxa6 Re7 24. a4 Rb6 25. b5 e5 26. Ba5 Rxa6 27. bxa6 exd4 28. Rb8+ Kg7 29. a7 dxe3 30. a8=Q Kf6
31. Bc3+ Ke6 32. Re8 Rxe8 33. Qxe8+ Kd6 34. Qd7+ Kc5 35. Qxc7 Kc4 36. Qa5 f4 37. Rd1 g5 38. Qb4#
1-0

[Event "Autumn Chess Of Love"]
[Site "SchemingMind.com"]
[Date "2021.01.06"]
[Round "-"]
[White "ray winteringham"]
[Black "dpickin"]
[Result "0-1"]
[WhiteCountry "ENG"]
[BlackCountry "ENG"]
[WhiteElo "1469"]
[WhiteRD "49"]
[BlackElo "1529"]
[BlackRD "55"]
[GameID "464322"]

1. g3 d5 2. Bg2 e5 3. e4 d4 4. d3 Nf6 5. Ne2 Be7 6. O-O O-O 7. Bd2 Nc6 8. c3 Bc5 9. b4 dxc3 10. Bxc3 Nxb4
11. a3 Nxd3 12. Nd2 Nxf2 13. Rxf2 Bxf2+ 14. Kxf2 Qe7 15. Qc2 Ng4+ 16. Kg1 Qc5+ 17. Kh1 Nf2+ 18. Kg1 Nxe4+ 19. Kh1 Nf2+ 20. Kg1 Nd1+
21. Kh1 Nxc3 22. Qxc3 Qd6 23. Ne4 Qa6 24. Bf1 Bf5 25. Qxe5 Bh3 26. Nc5 Qc6+ 27. Kg1 Rae8 28. Qh5 Rxe2 29. Qxe2 Qxc5+ 30. Kh1 Qd5+
31. Kg1 Qd4+ 32. Qf2 Qxa1 33. Qe2 Bxf1 34. Qxf1 Qxf1+
0-1

[Event "Autumn Chess Of Love"]
[Site "SchemingMind.com"]
[Date "2021.01.06"]
[Round "-"]
[White "dpickin"]
[Black "ray winteringham"]
[Result "1-0"]
[WhiteCountry "ENG"]
[BlackCountry "ENG"]
[WhiteElo "1529"]
[WhiteRD "55"]
[BlackElo "1469"]
[BlackRD "49"]
[GameID "464323"]

1. d4 d5 2. c4 e6 3. c5 c6 4. e3 Nf6 5. h3 Be7 6. Nf3 b5 7. Ne5 Bb7 8. Be2 O-O 9. O-O Nbd7 10. Bh5 g6
11. Nxd7 Nxh5 12. Nxf8 Qxf8 13. Nd2 f5 14. Nf3 Ng7 15. a4 a6 16. a5 Bf6 17. b3 Re8 18. Bb2 Kf7 19. e4 dxe4 20. Ne5+ Bxe5
21. dxe5 Qxc5 22. Ba3 Qxe5 23. Qd7+ Kg8 24. Qxb7 Qd4 25. Qxc6 Qa7 26. Bc5 Qa8 27. Qxa8 Rxa8 28. b4 Rd8 29. Rfd1 Ra8 30. Rd6 h5
31. Bd4 Kf7 32. Rd7+ Kg8 33. Rxg7+ Kf8 34. Rh7
1-0

[Event "Autumn Chess Of Love"]
[Site "SchemingMind.com"]
[Date "2021.01.06"]
[Round "-"]
[White "Pol MacGilla tSamhais"]
[Black "dpickin"]
[Result "0-1"]
[WhiteCountry "IRL"]
[BlackCountry "ENG"]
[WhiteElo "1201"]
[WhiteRD "83"]
[BlackElo "1536"]
[BlackRD "63"]
[GameID "464324"]

1. e4 c5 2. Nc3 d6 3. f4 Nf6 4. Bb5+ Nbd7 5. d3 a6 6. Bxd7+ Bxd7 7. f5 e6 8. g4 Bc6 9. Nge2 Nxg4 10. h3 Nf6
11. Nf4 d5 12. e5 d4 13. exf6 Bxh1 14. Ne4 Bxe4 15. dxe4 Qxf6 16. Bd2 Qh4+ 17. Kf1 e5 18. Ng2 Qxe4
0-1

[Event "Autumn Chess Of Love"]
[Site "SchemingMind.com"]
[Date "2021.01.06"]
[Round "-"]
[White "dpickin"]
[Black "Pol MacGilla tSamhais"]
[Result "1-0"]
[WhiteCountry "ENG"]
[BlackCountry "IRL"]
[WhiteElo "1536"]
[WhiteRD "63"]
[BlackElo "1201"]
[BlackRD "83"]
[GameID "464325"]

1. d4 Nf6 2. c4 g6 3. Nc3 d6 4. Bg5 Bg7 5. e4 b6 6. h3 Bb7 7. Bd3 c5 8. d5 e5 9. dxe6 fxe6 10. Qe2 Qd7
11. Rd1 O-O 12. Nf3 Nh5 13. e5 d5 14. cxd5 exd5 15. g4 d4 16. e6 Qd6 17. Nb5 Qd5 18. Nc7 Qc6 19. Nxa8 Bxa8 20. gxh5 gxh5
21. e7 Re8 22. Bb5 Qc8 23. Bxe8
1-0